00630nam a2200205 i 450000100060000000300090000600500170001500700030003200800410003510000250007624501040010125000190020526000410022430000300026549000270029570000240032270000200034683000270036685200310039330274ES-MaACL20230906154151.0t|030124s1975 sp ||||1| spa d1 aBarraquer Bordas, L.10aPatología vascular cerebral / cL. Barraquer Bordas, Josep M. Grau i Veciana, Jaume Pere i Serra. a1ª ed. reimp. aBarcelona : bEdiciones 62, c[1975] a202 P. : bil. ; c20 cm.1 aMonografies mèdiques0 aGrau Veciana, J. M.0 aPeres Serra, J.0 aMonografies mèdiques aES-MaACLjE-8648 bR.93078